Central Library OPAC University of Rajshahi

Fifteen short stories / (Record no. 17229)

MARC details
000 -LEADER
fixed length control field 00751nam a22002531 4500
001 - CONTROL NUMBER
control field 17229
003 - CONTROL NUMBER IDENTIFIER
rucl marc code BD-RjUL
005 - DATE AND TIME OF LATEST TRANSACTION
control field 20211209000116.0
008 - FIXED-LENGTH DATA ELEMENTS--GENERAL INFORMATION
fixed length control field 140216s1961 nyn b 000 1 eng
035 ## - SYSTEM CONTROL NUMBER
System control number (BD-RjUL)17287
System control number (OCoLC)1524660
040 ## - CATALOGING SOURCE
Original cataloging agency DLC
Transcribing agency MoWgW
Modifying agency BD-RjUL
Language of cataloging eng
041 ## - LANGUAGE CODE
Language code of text/sound track or separate title eng
082 04 - DEWEY DECIMAL CLASSIFICATION NUMBER
Edition number 20
Classification number 808.831
Author mark and year JAF 1961
100 1# - MAIN ENTRY--PERSONAL NAME
Personal name James, Henry
Dates associated with a name 1843-1916.
9 (RLIN) 53117
245 10 - TITLE STATEMENT
Title Fifteen short stories /
Statement of responsibility, etc. Henry James, Edited and with an introd. by Morton Dauwen Zabel.
260 ## - PUBLICATION, DISTRIBUTION, ETC. (IMPRINT)
Place of publication, distribution, etc. New York :
Name of publisher, distributor, etc. Bantam Books,
Date of publication, distribution, etc. c1961.
300 ## - PHYSICAL DESCRIPTION
Pagination xxx, 476 p. ;
Size 18 cm.
504 ## - BIBLIOGRAPHY, ETC. NOTE
Bibliography, etc Include bibliography and index.
650 ## - SUBJECT ADDED ENTRY--TOPICAL TERM
Topical term or geographic name as entry element Short stories
9 (RLIN) 53118
942 ## - ADDED ENTRY ELEMENTS (KOHA)
Source of classification or shelving scheme Dewey Decimal Classification
Koha item type Books
Holdings
Lost status Source of classification or shelving scheme Damaged status Not for loan Collection code Permanent Location Current Location Shelving location Date acquired Source of acquisition Cost, normal purchase price Total Checkouts Full call number Date last seen Copy number Koha item type
  Dewey Decimal Classification   Not For Loan Fiction Central Library, University of Rajshahi Central Library, University of Rajshahi Reading Room 04/03/2063 Zetlinger 81.00   808.831 JAF 1961 16/02/2014 C-1 Books